000 01494nam a2200385 i 4500
999 _c200444388
_d62600
003 TR-AnTOB
005 20230908000955.0
007 ta
008 171111s2021 xxu e mmmm 00| 0 eng d
035 _a(TR-AnTOB)200444388
040 _aTR-AnTOB
_beng
_erda
_cTR-AnTOB
041 0 _atur
099 _aTEZ TOBB FBE MAT YL’21 BİR
100 1 _aBircan, Eda
_eauthor
_9133265
245 1 0 _aEnfeksiyon hastalıklarının yayılmasında bazı dönemsel dinamiklerin matematiksel modellemesi /
_cEda Bircan ; thesis advisor Meltem Gölgeli.
246 1 1 _aMathematical modeling of some seasonal dynamics in the spread of infectious diseases
264 1 _aAnkara :
_bTOBB ETÜ Fen Bilimleri Enstitüsü,
_c2021.
300 _axii, 63 pages :
_billustrations ;
_c29 cm
336 _atext
_btxt
_2rdacontent
337 _aunmediated
_bn
_2rdamedia
338 _avolume
_bnc
_2rdacarrier
502 _aTez (Yüksek Lisans Tezi)--TOBB ETÜ Fen Bilimleri Enstitüsü Ağustos 2021
653 _aMatematiksel epidemiyoloji
653 _aLokal kararlılık analizi
653 _aSalgın üretme eşik değeri
653 _aSayısal simülasyonlar
653 _aMatematical epidemiology
653 _aLocal stability analysis
653 _aBasic reproduction rate
653 _aNumerical simulations
700 1 _aGölgeli, Meltem
_9133271
_eadvisor
710 _aTOBB Ekonomi ve Teknoloji Üniversitesi.
_bFen Bilimleri Enstitüsü
_977078
942 _cTEZ
_2z